History Quiz

Random History or World Quiz

2019: A Year in Review Quiz Stats

 Plays Quiz Updated Jan 15, 2020

Support Sporcle.
Go Orange.
Score 0/12 Timer 04:00
3 Plays Today
Question Answer Wrong Answers
∴ April ∴
A major fire engulfs this landmark in Paris.
Notre-Dame
96.4%
Louvre
1.3%
Eiffel Tower
0.7%
Moulin Rouge
0.6%
∴ December ∴
Impasse about the Brexit withdrawal agreement causes early general elections in this country.
United Kingdom
89.2%
Ireland
3.9%
France
1.9%
Germany
1.7%
∴ November ∴
Impeachment hearings against President Trump begin, for his alleged abuse of power and actions related to this country.
Ukraine
84.2%
Kosovo
1.3%
Syria
10.5%
Kyrgyzstan
1.1%
∴ June ∴
The 2019 FIFA Women's World Cup is won by this nation.
United States
83.2%
Germany
6.1%
England
3.8%
France
5.3%
∴ May ∴
Taiwan's parliament becomes the first in Asia to legalize this.
Same-sex marriage
81.6%
Marijuana
9.7%
Internet tracking
2.3%
Human cryopreservation
4.9%
∴ July ∴
This country resumes commercial whaling after a 30-year moratorium.
Japan
72%
Canada
5.5%
South Africa
3.3%
Norway
17.4%
∴ January ∴
The US Justice Department charges this tech firm with multiple counts of fraud.
Huawei
71.1%
Apple
16.6%
Samsung
7.2%
Dell
4.9%
∴ March ∴
After Christchurch terrorist attacks on two mosques, this prime minister inspires nation to unity and compassion.
Jacinda Ardern
60.2%
Aleqa Hammond
11.8%
Nicola Sturgeon
17.8%
Gladys Berejiklian
9.2%
∴ September ∴
Sixty-five countries and the European Union pledge to cut Greenhouse gas emission to zero by this year.
2050
45.3%
2040
19.1%
2030
29.3%
2060
3.8%
∴ October ∴
This social media website bans all political advertising worldwide.
Twitter
43.6%
Facebook
38.4%
Instagram
8.2%
Tumblr
7.1%
∴ February ∴
Pope Francis arrives to this country, becoming the first pope to visit the Arabian Peninsula.
United Arab Emirates
36.6%
Yemen
7.6%
Saudi Arabia
45.9%
Qatar
9.4%
∴ August ∴
This many people form a human chain to draw attention to Hong Kong protests and their demands.
210,000
34.9%
14,000
9.9%
47,000
20.1%
110,000
32.9%

You're not logged in!

Compare scores with friends on all Sporcle quizzes.
OR
Log In

From the Vault

Last Lines Before Dying III

by DarkPhalanx

Last words don't have to last a long time, but they should be memorable.
Remove Ads.
Support Sporcle.
Get the best of Sporcle when you Go Orange. This ad-free experience offers more features, more stats, and more fun while also helping to support Sporcle. Thank you for becoming a member.

Show Comments

Extras

Top Quizzes Today


Score Distribution

Your Account Isn't Verified!

In order to create a playlist on Sporcle, you need to verify the email address you used during registration. Go to your Sporcle Settings to finish the process.

Report this User

Report this user for behavior that violates our Community Guidelines.

Details: